Linie tramwajowe w Łodzi - styczeń 2026 - Statystyki

Ogólne statystyki
  • Ten quiz został rozwiązany 365 razy
    43 od ostatniego zresetowania
  • Średni wynik to 33 z 44
Statystyki odpowiedzi
Linia Kierunek % Poprawnych
10A Retkinia Kierunek #1
92%
10B Retkinia Kierunek #1
92%
12 Retkinia Kierunek #1
92%
18 Retkinia Kierunek #1
92%
4 Helenówek Kierunek #2
89%
11 Helenówek Kierunek #2
89%
19 Helenówek Kierunek #2
89%
11 Chocianowice Ikea Kierunek #1
84%
17 Chocianowice Ikea Kierunek #1
84%
9 Olechów Kierunek #2
84%
10B Olechów Kierunek #2
84%
5 Teofilów Kierunek #2
84%
8 Teofilów Kierunek #2
84%
14 Karolew Kierunek #1
81%
2 Dw. Łódź Dąbrowa Kierunek #1
78%
14 Dw. Łódź Dąbrowa Kierunek #2
78%
2 Kochanówka Kierunek #2
78%
16 Kochanówka Kierunek #2
78%
41 Pabianice Wiejska Kierunek #2
78%
5 Chojny Kurczaki Kierunek #1
76%
6 Chojny Kurczaki Kierunek #1
76%
15 Chojny Kurczaki Kierunek #1
76%
19 Chojny Kurczaki Kierunek #1
76%
1 Dw. Łódź Chojny Kierunek #1
73%
12 Stoki Kierunek #2
73%
15 Stoki Kierunek #2
73%
17 Telefoniczna Zajezdnia Kierunek #2
73%
18 Telefoniczna Zajezdnia Kierunek #2
73%
45 Telefoniczna Zajezdnia Kierunek #2
73%
7 Widzew Augustów Kierunek #2
73%
10A Widzew Augustów Kierunek #2
73%
3 cm. Zarzew Kierunek #1
70%
8 cm. Zarzew Kierunek #1
70%
1 Doły Kierunek #2
70%
6 Doły Kierunek #2
70%
43 Konstantynów pl. Wolności Kierunek #2
70%
9 Dw. Łódź Fabryczna Kierunek #1
68%
16 pl. Niepodległości Kierunek #1
68%
41 pl. Niepodległości Kierunek #1
68%
45 Zgierz pl. Kilińskiego Kierunek #1
65%
3 Rondo Powstańców 1863 roku Kierunek #2
62%
7 cm. Ogrodowa Kierunek #1
57%
4 Dw. Łódź Dąbrowa Kierunek #1
57%
43 Legionów/Włókniarzy Kierunek #1
54%
Nie znaleziono quizów pasujących do podanych kryteriów
Rozkład punktacji
Procent ludzi z każdym wynikiem
Percentyl według liczby udzielonych odpowiedzi
Twoja historia wyników
Nie rozwiązałeś tego quizu od ostatniego zresetowania